| 000 | 00896nmc a2200313 a 4500 | ||
|---|---|---|---|
| 003 | AR-BaBNM | ||
| 005 | 20251128204954.0 | ||
| 008 | 011101s1996 ||||||||||||||000 | spa|| | ||
| 020 | _a950-02-5812-9 | ||
| 040 | _cAR-BaBNM | ||
| 100 | 1 | _aMateri, Lilia E.H. de | |
| 245 | 1 | 0 | _aTrabajemos en la Educación General Básica |
| 250 | _a1ª ed. | ||
| 260 |
_aBuenos Aires _bEl Ateneo _c1996 |
||
| 300 | 0 |
_a117 p. _bdiagr., tablas |
|
| 490 | 0 | _aNuevos aires en educación | |
| 504 | _aBibliografía: p. 117 | ||
| 650 | 4 | _aDESCENTRALIZACION | |
| 650 | 4 | _aRELACION ESCUELA-COMUNIDAD | |
| 650 | 4 | _aORGANIZACION ESCOLAR | |
| 650 | 4 | _aROL DEL DOCENTE | |
| 650 | 4 | _aPLANIFICACION DEL CURRICULO | |
| 650 | 4 | _aTECNOLOGIA | |
| 653 | _aEDUCACION GENERAL BASICA | ||
| 653 | _aREFORMA EDUCATIVA | ||
| 653 | _aPROCESO DE ENSENANZA-APRENDIZAJE | ||
| 700 | 1 | _aPujol, Alberto Oscar | |
| 942 | _cBK | ||
| 999 |
_c9540 _d9540 |
||